[Event "American Continental-ch 2018"]
[Site "Montevideo"]
[Date "2018.06.01"]
[Round "1"]
[White "Sauvageot Ledezma, Diego"]
[Black "Cruz, Cristhian"]
[Result "0-1"]
[WhiteElo "2084"]
[BlackElo "2576"]
[Annotator "TA"]
[PlyCount "72"]
[EventDate "2018.??.??"]
[EventType "swiss"]
[EventCountry "URU"]
[SourceTitle "playchess.com"]
[Source "ChessBase"]
[SourceQuality "1"]

{[%evp 17,72,43,62,17,21,17,41,0,3,0,0,0,0,0,0,-91,-50,-162,-114,-285,-125,-210,-197,-437,-252,-275,-268,-266,-252,-277,-258,-264,-266,-281,-266,-274,-254,-472,-249,-606,-497,-565,-566,-566,-561,-538,-561,-544,-537,-537,-513,-564,-532,-1109,-629,-29991,-29992]} 1. e4 c5 2. Nf3 e6 3. d4 cxd4 4. Nxd4 Nf6 5. Nc3 d6 6. g4 h6 7. h3 a6 8. Bg2 g5 9. Be3 {B81: Sicilian Scheveningen: Keres Attack} Nbd7 {LiveBook: 38 Games} 10. Nde2 (10. Qe2 Ne5 11. O-O-O Nfd7 12. h4 Rg8 13. hxg5 hxg5 14. Kb1 b5 15. a3 Bb7 16. Bc1 Rc8 {0-1 (48) Dominguez Perez,L (2739)-Kasparov,G (2812) Saint Louis 2017}) 10... Ne5 11. Qd4 {The position is equal.} Bd7 $146 ({Predecessor:} 11... Qc7 12. f4 gxf4 13. Bxf4 Nfd7 14. O-O-O b5 15. Ng3 Bb7 16. Nh5 O-O-O {1-0 (39) Fedorchuk,S (2650)-Riff,J (2515) Paris 2011}) 12. O-O-O b5 13. f4 gxf4 14. Bxf4 Qc7 15. Qf2 Be7 {Threatening ...b4.} 16. Ng3 (16. Nd4 $11) 16... Rc8 17. a3 ({White should play} 17. Rd4 $15) 17... a5 {Hoping for ...b4.} 18. Qd4 $2 {[#]} (18. Bf1 $17 Qb7 19. Bxe5 dxe5 20. Bd3) 18... Rb8 (18... Nc4 $1 $19 {has better winning chances.} 19. Qd3 b4) 19. Nb1 (19. Na2 $17 {was worth a try.}) 19... b4 $19 ({Much less strong is} 19... Rc8 20. Qc3 $17) 20. c3 $2 (20. axb4 {keeps fighting.} axb4 21. b3) 20... bxc3 (20... bxa3 $2 21. Nxa3 Qb7 22. Rd2 $17) (20... Ba4 $142 21. axb4 Bxd1 22. Kxd1 axb4 23. cxb4 {[#]} Nexg4 $1 {[%mdl 512]} 24. hxg4 e5) 21. Nxc3 Nc4 {...e5 is the strong threat.} 22. Nh5 e5 $40 {[%mdl 128] Black attacks with force.} ({Less strong is} 22... Qb7 23. Nd5 $15 (23. b4 $2 axb4 24. Nxf6+ Bxf6 $19)) 23. Nxf6+ Bxf6 {[%cal Be7f6,Bf6e5,Be5f4][%mdl 32]} 24. Nd5 exd4 25. Nxc7+ Kd8 26. Nd5 Be5 27. Bd2 $2 (27. Bxe5 {was called for.} dxe5 28. Bf1 Nxb2 29. Re1) 27... Be6 (27... Ba4 $142 28. Rhf1 Rxb2 29. Bxa5+ Ke8) 28. Nf4 $2 (28. Bf1 Nxd2 29. Kxd2) 28... Nxd2 29. Nxe6+ fxe6 30. Rxd2 Bf4 31. Rhd1 Rf8 32. Kc2 Bxd2 33. Rxd2 Ke7 34. Kd3 e5 35. Rc2 Rfc8 36. Rf2 Rb3+ {Precision: White = 21%, Black = 60%.} 0-1

[Event "American Continental-ch 2018"]
[Site "Montevideo"]
[Date "2018.06.01"]
[Round "1"]
[White "Izquierdo, Daniel"]
[Black "Pichot, Alan"]
[Result "0-1"]
[WhiteElo "2078"]
[BlackElo "2564"]
[Annotator "TA"]
[PlyCount "64"]
[EventDate "2018.??.??"]
[EventType "swiss"]
[EventCountry "URU"]
[SourceTitle "playchess.com"]
[Source "ChessBase"]
[SourceQuality "1"]

{[%evp 19,64,5,13,20,11,0,0,0,15,15,41,37,81,-16,39,33,25,34,35,33,33,31,75,0,0,0,52,-22,-9,-18,-17,-375,-373,-452,-464,-589,-547,-630,-610,-616,-613,-595,-624,-617,-614,-675,-700]} 1. Nf3 Nf6 2. d4 g6 3. Nbd2 Bg7 4. e4 d6 5. Bd3 O-O 6. O-O c5 7. c3 cxd4 8. cxd4 Nc6 {B07: Pirc Defence: Miscellaneous Systems} (8... e5 9. Re1 exd4 10. Nxd4 Ng4 11. N4f3 Nc6 12. Nc4 Be6 13. Bg5 Bf6 14. Bf4 Nge5 15. Ncxe5 Nxe5 16. Nd4 Bd7 17. Be2 Qb6 18. Qd2 Nd3 19. Bxd3 Bxd4 20. Be3 Be6 21. Bf1 Bxe3 22. Rxe3 Rac8 23. a3 {½-½ (24) Dubov,D (2701)-Grischuk,A (2767) Moscow 2018}) 9. h3 Nd7 10. Nb3 a5 {LiveBook: 4 Games. The position is equal.} 11. a4 b6 $146 ({Predecessor:} 11... e5 12. dxe5 Ndxe5 13. Nxe5 Bxe5 14. f4 Bg7 15. Bb5 Qh4 16. Kh2 {1-0 (41) Vratonjic,S (2401)-Krstic,P (2327) Kragujevac 2015}) 12. Bg5 Bb7 13. Re1 Nb4 14. Bb5 Nf6 15. d5 h6 16. Bf4 (16. Bd2 $16) 16... Rc8 ({Black should try} 16... e6 $11) 17. Rc1 $14 Rxc1 18. Qxc1 Nxe4 19. Rxe4 Bxd5 20. Re3 e5 {[#]} 21. Bg3 ({Better is} 21. Bh2 $1 $16) 21... f5 $11 {...f4 is the strong threat.} 22. Bc4 $1 {[%cal Rc4d5]} Qa8 (22... Bxc4 $11 23. Qxc4+ d5) 23. Bxe5 (23. Re1 $14) 23... dxe5 24. Nxe5 Rc8 {aiming for ...Bxe5.} 25. Rc3 $2 {[%mdl 8192] [#]} (25. Nd2 $11) 25... Re8 $1 $19 26. Nxg6 Na2 {Black is clearly winning.} 27. Qf1 {Strongly threatening Re3.} Nxc3 ({Weaker is} 27... Bxc3 28. Nf4 $11) 28. bxc3 Kh7 29. Nf4 Bxc4 30. Qxc4 Re1+ 31. Kh2 Qe4 32. Qc7 Qe5 {Precision: White = 39%, Black = 65%.} 0-1

[Event "American Continental-ch 2018"]
[Site "Montevideo"]
[Date "2018.06.01"]
[Round "1"]
[White "Mosconi, Ariel"]
[Black "Perez Ponsa, Federico"]
[Result "0-1"]
[WhiteElo "2073"]
[BlackElo "2556"]
[Annotator "TA"]
[PlyCount "88"]
[EventDate "2018.??.??"]
[EventType "swiss"]
[EventCountry "URU"]
[SourceTitle "playchess.com"]
[Source "ChessBase"]
[SourceQuality "1"]

{[%evp 9,88,-17,-12,-13,8,-10,0,0,0,-14,-24,-16,-12,-39,-17,-41,-48,-57,-57,-40,-27,-36,-27,-30,-28,-39,-29,-49,-31,-62,0,0,0,-82,-77,-68,-69,-72,-66,-152,-147,-179,-169,-175,-181,-151,-158,-142,-128,-127,-108,-145,-137,-143,-133,-182,-197,-262,-268,-298,-283,-283,-282,-332,-332,-306,-231,-715,-514,-488,-412,-631,-591,-603,-602,-3190,-2675,-12837,-12837,-12838,-12837]} 1. g3 d5 2. Bg2 g6 3. d4 Bg7 4. e3 Nf6 5. Ne2 O-O 6. O-O {A45: Trompowsky Attack} c5 7. Nbc3 cxd4 8. exd4 {The position is equal.} Nc6 (8... Bg4 9. h3 Bxe2 10. Nxe2 Nc6 11. c3 e6 12. Be3 Nd7 13. Qd2 {1-0 (37) Slipak,S (2446)-Flores,D (2585) La Plata 2009}) 9. Nb1 $146 ({Predecessor:} 9. h3 e6 10. Be3 b6 11. g4 Ba6 12. Re1 Bxe2 13. Nxe2 Na5 14. b3 Rc8 {1-0 (37) Vujicic,M (2236)-Djurasinov,B (2175) Belgrade 2016}) 9... Bg4 10. c3 e5 11. f3 Bf5 12. g4 Bd7 13. dxe5 Nxe5 14. Nd4 Re8 15. Na3 $1 Nc6 16. Nac2 Qb6 17. Kh1 Re7 18. b3 Nxd4 19. Nxd4 Rae8 ({Black should try} 19... Rc8 $15) 20. Bg5 $11 h6 21. Bd2 (21. Bh4 $11) 21... h5 $17 22. gxh5 Nxh5 23. Bg5 Bf6 24. Bxf6 (24. f4 $15) 24... Qxf6 ({Don't play} 24... Nxf6 25. Qd2 $15) 25. f4 Qh4 $36 {[%mdl 2048] [#] And now ...Ng3+ would win. Black is really pushing.} 26. Qf3 Re3 27. Qf2 Qxf2 28. Rxf2 Re1+ 29. Rxe1 Rxe1+ 30. Bf1 Bh3 31. Kg1 f5 32. Nb5 a6 33. Nd6 (33. Nd4 {was worth a try.}) 33... b5 $19 34. Rf3 Bg4 35. Rf2 Nf6 36. Kg2 Ne4 37. Nxe4 fxe4 {[%cal Bf5e4,Be4e3,Be3e2][%mdl 4128] Endgame KRB-KRB} 38. Kg3 $2 (38. Rd2) 38... Bh5 39. Bh3 e3 40. Rg2 {[#]} (40. Rf1 $142 Rxf1 41. Bxf1) 40... b4 $1 {[%cal Bb5b4,Bb4c3,Bc3c2][%mdl 544] Black is clearly winning.} 41. Be6+ (41. cxb4 e2) 41... Kg7 42. Bxd5 bxc3 43. Bf3 e2 44. Bxh5 c2 {Precision: White = 44%, Black = 76%.} 0-1

[Event "American Continental-ch 2018"]
[Site "Montevideo"]
[Date "2018.06.01"]
[Round "1"]
[White "Andrade, Roberto Luiz Costa"]
[Black "Mekhitarian, Krikor Sevag"]
[Result "0-1"]
[WhiteElo "2060"]
[BlackElo "2546"]
[Annotator "TA"]
[PlyCount "112"]
[EventDate "2018.??.??"]
[EventType "swiss"]
[EventCountry "URU"]
[SourceTitle "playchess.com"]
[Source "ChessBase"]
[SourceQuality "1"]

{[%evp 14,112,23,12,46,21,18,0,0,0,0,0,0,0,13,0,37,-4,-1,-14,-9,-52,-51,-44,-37,-33,-40,-51,-50,-65,-70,-54,-53,-74,-62,-87,-106,-108,-102,-102,-92,-128,-103,-120,-128,-124,-122,-116,-69,-87,-66,-54,-58,-62,-63,-77,-77,-77,-77,-77,-70,-77,-18,-85,-92,-145,-143,-146,-143,-143,-143,-135,-121,-269,-257,-269,-256,-267,-259,-244,-232,-329,-304,-284,-240,-445,-375,-1343,-1281,-1125,-1090,-847,-883,-12838,-12838,-12841,-12842,-12844,-12843,-12845,-12846]} 1. e4 c5 2. Nf3 Nc6 3. d4 cxd4 4. Nxd4 g6 5. Nc3 Bg7 6. Be3 Nf6 7. Bc4 O-O 8. Bb3 Re8 {B35: Sicilian: Accelerated Dragon with 5 Nc3: main line} 9. f3 e6 10. O-O d5 {The position is equal.} 11. exd5 Nxd5 12. Nxd5 exd5 13. Bf2 Qg5 {Threatens to win with ...Bh3.} 14. Kh1 Be5 15. c3 Qh5 {[%csl Ge5][%cal Rh5h2]} 16. Bg1 Nxd4 $40 {[%mdl 128] White needs to defend precisely.} 17. cxd4 {[#]} Bf4 $146 18. Ba4 Re7 19. Re1 Be6 20. Qc2 Rc7 21. Qf2 Rac8 22. Rad1 a6 {[%cal Ba7a6,Ba6a5,Ba5a4][%mdl 32]} 23. Re2 Qf5 24. a3 b5 25. Bb3 a5 26. g3 Bd6 27. Rdd2 Qf6 28. Rc2 a4 29. Rxc7 Rxc7 30. Bc2 Bf5 31. Kg2 h5 32. Bxf5 Qxf5 33. Qe3 Kg7 34. Qd2 Rc4 35. Be3 Kh7 36. h4 Rc8 37. Bg5 Qb1 (37... Bf8 $17) 38. Re1 {[#]} (38. g4 $11) 38... Qc2 $1 $17 {[%cal Rc2d2] ...Qxd2+ is the strong threat.} 39. Re2 (39. Rc1 $142 Qxd2+ 40. Bxd2) 39... Qxd2 40. Rxd2 {[%mdl 4096] Endgame KRB-KRB} Kg7 41. Kf2 Rc4 42. Be3 Kf6 43. Rd1 (43. g4 $17) 43... Kf5 $19 44. Rc1 f6 {[%cal Bf7f6,Bf6g5,Bg5g4][%mdl 32]} 45. Kg2 g5 46. hxg5 fxg5 47. Kh3 (47. Rd1 {was necessary.}) 47... g4+ 48. Kg2 Be7 49. Kf2 $2 (49. Rf1 gxf3+ 50. Kxf3) 49... Bf6 50. Rxc4 $2 (50. Re1 h4 51. Rf1) 50... dxc4 {KB-KB. Black is clearly winning.} 51. Ke2 Bg7 52. Bg1 Bh6 53. Be3 Bxe3 54. Kxe3 gxf3 55. Kxf3 {[#]} b4 $1 {[%mdl 512]} 56. Ke3 (56. axb4 c3) 56... c3 {Precision: White = 37%, Black = 77%.} 0-1

[Event "American Continental-ch 2018"]
[Site "Montevideo"]
[Date "2018.06.01"]
[Round "1"]
[White "Bustelo, Tabare"]
[Black "El Debs, Felipe De Cresce"]
[Result "0-1"]
[WhiteElo "2050"]
[BlackElo "2537"]
[Annotator "TA"]
[PlyCount "148"]
[EventDate "2018.??.??"]
[EventType "swiss"]
[EventCountry "URU"]
[SourceTitle "playchess.com"]
[Source "ChessBase"]
[SourceQuality "1"]

{[%evp 23,148,0,0,0,0,0,0,0,0,0,0,0,25,-164,-147,-150,0,-53,0,-158,-162,-184,-182,-182,-165,-184,0,0,0,-200,-168,-565,-564,-520,-162,-154,-148,-154,-150,-162,-159,-177,-177,-183,-172,-186,-191,-187,-186,-186,-166,-178,-170,-188,-182,-207,-187,-197,-207,-205,-202,-205,-187,-201,-187,-233,-227,-226,-219,-204,-166,-190,-170,-213,-191,-594,-603,-561,-554,-574,-556,-590,-580,-555,-550,-546,-500,-568,-534,-524,-372,-506,-504,-12838,-604,-539,-522,-612,-534,-5957,-2027,-1647,-1668,-1851,-1525,-12842,-12843,-12842,-12842,-12850,-29979,-12851,-29981,-12851,-29981,-12851,-29983,-12851,-29985,-12851,-29987,-12851,-29988,-12851,-29989,-12851,-29990]} 1. Nc3 c5 2. Nf3 Nc6 3. d4 cxd4 4. Nxd4 g6 5. Nxc6 bxc6 6. Qd4 Nf6 7. e4 {[%cal Be2e4,Be4e5][%mdl 32]} Bg7 8. e5 Nd5 9. Nxd5 {B34: Sicilian: Accelerated Dragon with 5 Nc3: sidelines} cxd5 10. Qxd5 Rb8 11. Bc4 O-O 12. O-O Bb7 {LiveBook: 3 Games} (12... d6 13. exd6 Be6 14. dxe7 Qxe7 15. Qd3 Bf5 16. Qe3 Qxe3 17. Bxe3 {½-½ (25) Kurmanbayev,Y (2146)-Iskusnyh,S (2465) Pavlodar 2010}) 13. Qd4 d6 14. Qxa7 Qc8 15. Qa4 $146 Bc6 16. Qa6 {And now Qxc8 would win.} Bb7 17. Qa4 Bxe5 (17... Ra8 $5 18. Qb3 $8 Rb8 $11) 18. Bh6 $2 (18. Bb3 $11 {and White has nothing to worry.}) 18... Bc6 $19 19. Qa6 {[#]} Bb7 (19... Bxg2 $1 $17 {[%mdl 512]} 20. Kxg2 Qg4+ 21. Kh1 Qf3+ 22. Kg1 Rfc8) 20. Qa4 $15 Bc6 $40 {[%mdl 128] Black mounts an attack.} (20... Ra8 $15 21. Qb3 (21. Qb5 $2 Ba6 $19) 21... Qc6) 21. Qa6 $17 {[#]} Bxg2 $1 {[%mdl 512] ( -> ...Qh3)} 22. Kxg2 {f4 is the strong threat.} Qg4+ 23. Kh1 Qf3+ {[%mdl 1024] Black has strong compensation.} 24. Kg1 Qg4+ (24... Rxb2 25. Qa4 $11) 25. Kh1 {aiming for f4.} Qf3+ 26. Kg1 Rfc8 (26... Rxb2 27. Rae1 $11) 27. Bxf7+ $2 (27. Be2 {nothing else works.} Qh3 28. f4 Bxb2 29. Rab1 Bd4+ 30. Kh1 Qxh6 31. Rxb8 Rxb8 32. a4) 27... Kxf7 $19 28. Qd3 Qxd3 $2 (28... Qh5 {[%csl Ge5][%cal Rh5h2]} 29. f4 Bxb2) 29. cxd3 Rxb2 30. Be3 Rb4 31. Rac1 Ra8 $1 32. Rc2 Rb2 33. Rxb2 Bxb2 {[%mdl 4096] Endgame KRB-KRB} 34. Rb1 Rxa2 35. Kg2 Bf6 36. Kf3 Ra4 37. h3 Ke6 38. Rb6 h5 39. Rb7 Ra3 40. Ke2 Ra1 41. Kf3 Rg1 42. Rb4 Rd1 43. Rb3 d5 44. Ba7 Rh1 45. Kg2 Ra1 46. Bc5 Ra2 47. Kf3 Kf5 48. Rb7 g5 49. Bxe7 $2 (49. Be3) 49... Bd4 50. Kg2 Rxf2+ 51. Kh1 Rf3 52. Rb5 Ke6 53. Bxg5 Rxh3+ 54. Kg2 Rxd3 55. Bd8 Rd2+ 56. Kf3 Rf2+ 57. Kg3 Rf8 58. Bg5 (58. Ba5 $142 Rf5 59. Kg2) 58... Rf5 (58... Be5+ $142 59. Kh4 Rh8) 59. Bd8 Ke5 60. Be7 Ke4 61. Rb3 Bf2+ 62. Kg2 Be3 63. Bh4 d4 {[%cal Bd5d4,Bd4d3][%mdl 32]} 64. Rb8 d3 65. Re8+ Re5 66. Rxe5+ Kxe5 {KB-KB} 67. Be1 Kf4 (67... h4 $19 68. Kf3 Kd4) 68. Bc3 Kg4 (68... h4 $19 69. Ba5 Kg4) 69. Be1 h4 {[%cal Bh5h4,Bh4h3][%mdl 32]} ({Stronger than} 69... d2 70. Bxd2 $1 {[%mdl 512]} Bc5 71. Kh2 $11) 70. Bc3 h3+ 71. Kh1 {[#]} Bf4 (71... h2 $1 $19 72. Kg2 (72. Kxh2 Kf3) 72... Bf4) 72. Bb4 Kf3 (72... h2 $19 73. Kg2 Kf5) 73. Ba5 Ke2 ({Worse is} 73... d2 74. Bxd2 $1 {[%mdl 512]} Bxd2 75. Kh2 $11) (73... h2 $19 74. Bc3 Ke2) 74. Bb4 Bg3 {Precision: White = 31%, Black = 78%.} ({Weaker is} 74... d2 {[#]} 75. Bxd2 $1 {[%mdl 512]} Kxd2 76. Kg1 $11) (74... h2 $19 75. Kg2 Bg3 $1 {[%mdl 512]} 76. Bc3 Be1 77. Bxe1 Kxe1 78. Kxh2 d2 79. Kh3 d1=Q 80. Kh4 Qd5 81. Kg4 Kf2 82. Kf4 Qe6 83. Kg5 Kf3 84. Kh5 Kf4 85. Kh4 Qh6#) 0-1

[Event "American Continental-ch 2018"]
[Site "Montevideo"]
[Date "2018.06.01"]
[Round "1"]
[White "Caceres Vasquez, Sergio"]
[Black "Alonso, Salvador"]
[Result "0-1"]
[WhiteElo "2041"]
[BlackElo "2519"]
[Annotator "TA"]
[PlyCount "98"]
[EventDate "2018.??.??"]
[EventType "swiss"]
[EventCountry "URU"]
[SourceTitle "playchess.com"]
[Source "ChessBase"]
[SourceQuality "1"]

{[%evp 16,98,53,45,50,45,42,12,15,23,14,-3,-10,-20,0,0,14,-5,-10,-4,-2,-7,-5,-5,-8,-48,-22,-36,-29,-34,-29,-36,-29,-49,0,0,0,0,0,-118,-118,-112,-111,-111,-111,-124,-131,-133,-126,-127,-2,-124,-118,-125,-100,-142,-138,-163,-143,-189,-154,-177,-183,-144,-145,-343,-206,-340,-344,-293,-302,-331,-339,-374,-334,-519,-474,-510,-487,-1862,-1770,-1641,-1409,-29981,-29982]} 1. d4 d5 2. c4 c6 3. cxd5 cxd5 4. Nc3 Nf6 5. Bf4 Nc6 6. e3 a6 7. Be2 Qb6 {D10: Slav Defence: 3 cxd5 (without early Nf3) and 3 Nc3} (7... e6 8. Rc1 Be7 9. h3 O-O 10. Nf3 b5 11. O-O Bb7 12. Bd3 Rc8 13. Qe2 Qa5 14. a3 b4 15. axb4 Nxb4 {1-0 (75) Li,C (2732)-Duda,J (2724) Liaocheng 2018}) 8. a3 e6 9. Nf3 {LiveBook: 3 Games} Be7 {White is slightly better.} 10. O-O O-O 11. Ne5 $146 ({Predecessor:} 11. Na4 Qd8 12. Rc1 Nh5 13. Bg5 Bxg5 14. Nxg5 Nf6 15. Nc5 {1-0 (59) Lei,T (2421)-Teng,J (2092) Zhongshan 2014}) 11... Nxe5 12. Bxe5 Bd7 13. b4 Rfc8 14. Na4 Qa7 15. Nc5 {Bxf6 is the strong threat.} Bb5 16. Bxf6 Bxe2 17. Qxe2 Bxf6 18. Rac1 Be7 19. Nb3 b6 20. Qb2 Qd7 21. Rxc8+ Rxc8 22. Rc1 Rxc1+ 23. Qxc1 Qa4 24. Nd2 Bf8 25. g3 a5 26. bxa5 bxa5 27. Nb1 (27. Nf3 $1 $11) 27... Qb3 $17 28. Kg2 g6 29. Kg1 h5 30. h4 Kg7 31. Kg2 Bd6 32. Kg1 Kf8 (32... Qa2 $17 33. Kg2 Bf8) 33. Kg2 (33. Qc8+ $1 $11 Kg7 34. Qc1) 33... Ke7 34. Kg1 Kd7 35. Kg2 a4 36. Kg1 Qc4 37. Qxc4 dxc4 {[%mdl 4096] Endgame KB-KN} 38. Kf1 Kc6 39. Ke2 e5 40. Kd2 $2 (40. dxe5 $17 Bxe5 41. Kd2) 40... exd4 $19 41. exd4 {[#]} Bc7 $1 42. Nc3 Ba5 43. Kc2 Bb6 44. d5+ Kd6 45. f3 (45. f4 $142) 45... f5 {[%cal Bf7f5,Bf5g4][%mdl 32]} 46. Nxa4 Bf2 47. g4 (47. Nb2 $142 Kxd5 48. Nd1 Bxg3 49. Ne3+ Kc5 50. Ng2) 47... hxg4 48. fxg4 fxg4 49. Kd2 Bd4 {Precision: White = 40%, Black = 73%.} 0-1

[Event "American Continental-ch 2018"]
[Site "Montevideo"]
[Date "2018.06.01"]
[Round "1"]
[White "Manzi, Luiz Antonio Bardar"]
[Black "Vera Siguenas, Deivy"]
[Result "0-1"]
[WhiteElo "2030"]
[BlackElo "2516"]
[Annotator "TA"]
[PlyCount "86"]
[EventDate "2018.??.??"]
[EventType "swiss"]
[EventCountry "URU"]
[SourceTitle "playchess.com"]
[Source "ChessBase"]
[SourceQuality "1"]

{[%evp 15,86,-30,-29,-40,-22,-20,-16,-19,0,0,0,-21,-11,-41,-26,-32,-34,-81,-58,-45,-53,-57,-48,-121,-112,-115,-118,-109,-81,-82,-83,-92,-95,-98,-76,-76,-68,-118,-131,-151,-164,-155,-134,-155,-180,-187,-178,-203,-203,-368,-377,-360,-340,-492,-504,-702,-684,-864,-806,-862,-881,-898,-910,-836,-843,-981,-418,-6187,-3556,-2680,-1862,-12837,-12835]} 1. Nf3 d5 2. g3 Bg4 3. Bg2 Nd7 4. d4 Ngf6 5. c4 c6 6. Nc3 e6 7. O-O dxc4 {D11: Slav Defence: 3 Nf3 sidelines and 3...Nf6 4 e3 Bg4} (7... Bxf3 8. Bxf3 dxc4 9. a4 a5 10. Qc2 Nb6 11. Rd1 Be7 12. e4 O-O 13. Be3 Qc7 14. Bf4 Qc8 15. Rab1 {0-1 (39) Mchedlishvili,M (2603)-Laznicka,V (2647) Riadh 2017}) 8. a4 a5 {LiveBook: 5 Games} 9. Qc2 Be7 $146 {Black is slightly better.} ({Predecessor:} 9... Qb6 10. Rd1 Be7 11. e4 O-O 12. h3 Bh5 13. Qe2 Qa6 14. g4 Bg6 15. Nh4 {0-1 (32) Labedz,P (2108)-Jayakumar,A (2340) Las Vegas 2013}) 10. e4 O-O 11. Be3 Bxf3 12. Bxf3 e5 13. Rfd1 {[#] Threatens to win with dxe5.} Qc7 14. Qe2 exd4 15. Bxd4 Ne5 16. Bg2 Rad8 17. Bxe5 $1 Qxe5 18. Qxc4 Bc5 {[#] Hoping for ...Ng4.} 19. h3 (19. Qe2 $15) 19... Ba7 $17 20. Kf1 Nh5 $36 {[%cal Bf6h5,Bh5g7,Bg7e6][%mdl 2080] Black is on the roll.} 21. Qe2 g6 22. Bf3 Ng7 23. Rxd8 Rxd8 24. Rd1 Rxd1+ 25. Qxd1 Ne6 26. Kg2 Bd4 27. Qb3 Nc5 28. Qc4 b6 29. Nd1 Bxb2 30. Ne3 Kg7 31. h4 h5 32. Qc2 $2 (32. Kf1) 32... b5 $19 33. axb5 cxb5 34. Nd5 (34. Be2 $142 Nxe4 35. Nd1) 34... Bd4 35. Nf4 b4 {[%cal Bb5b4,Bb4b3][%mdl 32]} 36. Nd3 b3 37. Qb1 Nxd3 38. Qxd3 a4 39. Bd1 Qc5 40. f4 Qb6 (40... Bg1 $142 {( -> ...Qf2+)} 41. Qd2 Bd4) 41. Kf3 (41. f5 $142) 41... Bg1 {[%csl Gg1][%cal Rb6f2] Black is clearly winning.} 42. Qc3+ Kh7 {[%csl Gg1][%cal Rb6f2]} 43. e5 b2 {Precision: White = 31%, Black = 73%.} 0-1

[Event "American Continental-ch 2018"]
[Site "Montevideo"]
[Date "2018.06.01"]
[Round "1"]
[White "Torella, Rodolfo"]
[Black "Hungaski, Robert"]
[Result "0-1"]
[WhiteElo "2016"]
[BlackElo "2510"]
[Annotator "TA"]
[PlyCount "88"]
[EventDate "2018.??.??"]
[EventType "swiss"]
[EventCountry "URU"]
[SourceTitle "playchess.com"]
[Source "ChessBase"]
[SourceQuality "1"]

{[%evp 34,88,14,16,25,0,25,0,0,-13,-2,-13,-12,0,-4,-81,-80,-116,-114,-107,-102,-98,-93,-83,14,3,24,-17,-17,-10,-15,-22,-25,-25,-16,-9,0,-54,-47,-59,-59,-59,-59,-59,-64,-66,0,-59,-59,-56,-53,-669,-669,-657,-645,-566,-566]} 1. e4 e5 2. Nf3 Nc6 3. Bb5 {[%cal Bf1b5,Bb5a4,Ba4b3][%mdl 32]} a6 4. Ba4 Nf6 5. O-O Be7 6. Re1 b5 7. Bb3 d6 8. c3 O-O 9. h3 Na5 10. Bc2 c5 11. d4 Nd7 12. Nbd2 exd4 13. cxd4 Nc6 {C96: Closed Ruy Lopez: Chigorin Defence: 11 d4, replies other than 11...Qc7} 14. a4 Rb8 15. axb5 axb5 16. Nf1 cxd4 17. Nxd4 Nxd4 18. Qxd4 {LiveBook: 4 Games} Ne5 {[%cal Bd7e5,Be5c6,Bc6d4,Bd4b3][%mdl 32] [#]} 19. Rd1 $146 ({Predecessor:} 19. Qd1 Bf6 20. Ne3 Be6 21. Nd5 Bxd5 22. Qxd5 {1-0 (37) Anisimov,P (2521)-Kovalev,V (2609) St Petersburg 2016}) 19... Be6 20. Ne3 Rc8 21. f4 Nc6 22. Qd2 Bf6 23. f5 Bc4 24. Ra6 (24. Rb1 $11 {remains equal.} Nd4 25. b3) 24... Nd4 $1 $17 25. Nxc4 Rxc4 26. Bd3 {[#]} Nb3 $1 {[%cal Rb3d2]} 27. Qe1 Rxc1 28. Rxc1 Bxb2 ({Better is} 28... Nxc1 $17 29. Qxc1 d5) 29. Rd1 $11 Nc5 30. Bxb5 Nxa6 31. Bxa6 Be5 32. Bc4 Qg5 33. Qf2 Bg3 34. Qf3 $1 h5 35. Rb1 (35. Qb3 $11) 35... Rc8 $15 36. Bd5 Be5 $36 {[%mdl 2048] Hoping for ...Rc3. Black has some pressure.} 37. Rd1 Rc3 38. Rd3 $1 {[%cal Rd3c3]} Rc1+ 39. Rd1 Rc3 40. Rd3 $1 {[%cal Rd3c3]} Rc2 41. Rd1 Kf8 42. Bb7 $2 {[%mdl 8192] [#]} (42. Rb1 $15) 42... Rc3 $1 $19 {[%cal Rc3f3] Black is clearly winning.} 43. Rd3 Rxd3 44. Qxd3 Qc1+ {Precision: White = 38%, Black = 64%.} 0-1